000 00292nam a2200121Ia 4500
008 190216s9999||||xx |||||||||||||| ||und||
100 _aFrederick J Hoffman
245 0 _aWilliam Faulkner
260 _bPopular Prakashan
_c1967
300 _a160p
650 _aEnglish Literature
942 _cBK
999 _c12471
_d12471